Ortodoncie /

Hlavní autor: Kamínek, Milan, 1938-
Jazyk: Čeština
Vydáno: Praha : Galén, [2020]
Vydání: Druhé vydání
Edice: Zubní lékařství
Témata:
Fyzický popis: xi, 246 stran : ilustrace (některé barevné) ; 29 cm
Knihy
Uloženo v:
LEADER 01839nam a2200517 i 4500
001 nkc20213307088
003 CZ PrNK
005 20210616151503.0
007 ta
008 210226t20202020xr a f 001 0 cze
015 |a cnb003307088 
020 |a 978-80-7492-490-3  |q (vázáno) 
035 |a (OCoLC)1250248653 
040 |a ABA001  |b cze  |e rda 
072 7 |a 616.31  |x Stomatologie  |2 Konspekt  |9 14 
080 |a 616.314-089.23  |2 MRF 
080 |a 616-07  |2 MRF 
080 |a 616-08  |2 MRF 
080 |a (048.8:082)  |2 MRF 
100 1 |a Kamínek, Milan,  |d 1938-  |7 jk01052807  |4 aut 
245 1 0 |a Ortodoncie /  |c Milan Kamínek et al. 
250 |a Druhé vydání 
264 1 |a Praha :  |b Galén,  |c [2020] 
264 4 |c ©2020 
300 |a xi, 246 stran :  |b ilustrace (některé barevné) ;  |c 29 cm 
336 |a text  |b txt  |2 rdacontent 
337 |a bez média  |b n  |2 rdamedia 
338 |a svazek  |b nc  |2 rdacarrier 
490 1 |a Zubní lékařství 
504 |a Obsahuje bibliografie a rejstřík 
521 8 |a Určeno odborné veřejnosti 
650 0 7 |a ortodoncie  |7 ph123821  |2 czenas 
650 0 7 |a diagnostika (lékařství)  |7 ph114312  |2 czenas 
650 0 7 |a terapie  |7 ph116435  |2 czenas 
650 0 9 |a orthodoncy  |2 eczenas 
650 0 9 |a medical diagnostics  |2 eczenas 
650 0 9 |a therapy  |2 eczenas 
655 7 |a kolektivní monografie  |7 fd501537  |2 czenas 
655 9 |a collective monographs  |2 eczenas 
830 0 |a Zubní lékařství  |0 s 
910 2 |a BOA001  |b 4-1464.715 
990 |a BK 
995 |a 01 
996 6 |b 2610865665  |c 4-1464.715  |l MZK  |r Sklad / do 1 hodiny  |n 1  |p p.v.  |w 001850773  |u 000010  |a 1  |e BOA001  |j MZK50  |s P 
996 6 |b 2610866272  |c 4-1464.715  |l MZK  |r STM 6p  |n 0  |p kup  |h 616.31 KAM  |w 001850773  |u 000020  |a 0  |e BOA001  |j MZK50  |s P 
996 7 |b 2610866273  |c 4-1464.715  |l Vol.výběr  |r VV 1p  |n 13  |p kup  |h 616.31 KAM  |w 001850773  |u 000030  |a 0  |e BOA001  |j MZK50  |s A